| 000 | 00545nam a2200229Ia 4500 | ||
|---|---|---|---|
| 999 |
_c83 _d83 |
||
| 003 | 0100 | ||
| 008 | 130227s9999 xx 000 0 und d | ||
| 040 | _cARRUPELIB | ||
| 050 | _aDT776.S35W3 1969 | ||
| 100 |
_aWalker, Eric Anderson _939732 |
||
| 245 |
_aW. P. Schreiner: _ba South African / |
||
| 260 |
_aOxford _bOxford University Press _c1969 |
||
| 300 | _axii | ||
| 300 | _b 386p 22cm | ||
| 650 |
_aSchreiner, William Philip _939733 |
||
| 650 |
_aAfrica, South _xRace question _929924 |
||
| 650 |
_aAfrica, South _xPolitics _931181 |
||
| 650 |
_aTransvaal _xHistory _y1880-1910 _939734 |
||
| 650 |
_aRhodes, Cecil John _939721 |
||
| 942 |
_2lcc _cMONOGRAPH |
||